Legislación y reglamentación referente al impacto de las nuevas tecnologías dela información en Europa: los casos de Noruega, Suecia, Francia y Alemania Federal/ Edmundo Hogrebe. (Record no. 136625)

MARC details
000 -CABECERA
campo de control de longitud fija 00853nam a2200217 a 4500
005 - FECHA Y HORA DE LA ÚLTIMA TRANSACCIÓN
campo de control 20210219160402.0
008 - ELEMENTOS DE LONGITUD FIJA--INFORMACIÓN GENERAL
campo de control de longitud fija 081028s2000 mx r 000 0 spa d
020 ## - NÚMERO INTERNACIONAL NORMALIZADO PARA LIBROS
Número Internacional Estándar del Libro 9688011339
035 ## - NÚMERO DE CONTROL DEL SISTEMA
Número de control de sistema UPN01000164513
049 ## - COLECCIÓN
Colección UNE
080 ## - NÚMERO DE CLASIFICACIÓN DECIMAL UNIVERSAL
Número de la Clasificación Decimal Universal 002: 67/68: 340.13 (4) HOG.
100 1# - ASIENTO PRINCIPAL--NOMBRE PERSONAL
Nombre de persona Hogrebe, Edmundo
245 10 - MENCIÓN DE TÍTULO
Título Legislación y reglamentación referente al impacto de las nuevas tecnologías dela información en Europa: los casos de Noruega, Suecia, Francia y Alemania Federal/ Edmundo Hogrebe.
260 ## - PUBLICACIÓN, DISTRIBUCIÓN, ETC.
Lugar de publicación, distribución, etc. México : SEP, 1982.
300 ## - DESCRIPCIÓN FÍSICA
Extensión 27 p.
440 #0 - MENCIÓN DE SERIE/ASIENTO SECUNDARIO--TÍTULO
Título Prospectiva tecnología al año 2000
690 ## - PUNTO DE ACCESO ADICIONAL DE MATERIA LOCAL--TÉRMINO DE MATERIA (OCLC, RLIN)
Término de materia o nombre geográfico como elemento inicial Informacion- Tecnologia- Legislacion- Europa
710 2# - ASIENTO SECUNDARIO - NOMBRE CORPORATIVO
Nombre de entidad corporativa o nombre de jurisdicción como elemento de entrada GEFE. Grupo de Estudios sobre el Financiamiento de la Educación (México)
710 2# - ASIENTO SECUNDARIO - NOMBRE CORPORATIVO
Nombre de entidad corporativa o nombre de jurisdicción como elemento de entrada Instituto Latinoamericano de la Comunicación Educativa.
905 ## - TIPO DE MATERIAL
Tipo de material UNESCO

No items available.